Classement World Rugby: Top 5 par Confédérations - Statistiques

Statistiques générales
  • Ce quiz a été pris 526 fois
    86 depuis la dernière actualisation
  • Le résultat moyen est 23 sur 30
Statistiques - réponses
Réponse % Correct
Angleterre
100%
France
100%
Italie
100%
Afrique du Sud
99%
Australie
99%
Canada
99%
Ecosse
99%
Etats-Unis
99%
Argentine
97%
Irlande
97%
Nouvelle-Zélande
96%
Fidji
95%
Japon
95%
Brésil
92%
Mexique
92%
Tonga
92%
Namibie
89%
Samoa
89%
Chili
87%
Uruguay
87%
Zimbabwe
68%
Paraguay
66%
Maroc
64%
Corée du Sud
62%
Kenya
61%
Hong Kong
53%
Emirats Arabes Unis
21%
Trinité-et-Tobago
20%
Sri Lanka
14%
Iles Caïmans
4%
Aucun quiz correspondant
Distribution des résultats
% des personnes avec chaque résultat
Percentile par nombre de réponses
Votre historique - résultats
Vous n’avez pas pris ce quiz depuis la dernière actualisation